| 000 | 01305nam0a22003371 4500 | ||
|---|---|---|---|
| 001 | RU\NLR\INFOCOMM_253\5000049038 | ||
| 005 | 20250613095844.0 | ||
| 035 | _a(NLR Aleph) 009313827 | ||
| 090 |
_a9353749 _c9353749 |
||
| 100 | _a20101123d1983 |||y0rusy50 ca | ||
| 101 | 0 | _aeng | |
| 102 | _aRU | ||
| 105 | _aa ||||000|y | ||
| 200 | 1 |
_aGas sampling calorimeter working in streamer mode _fA. Arefiev, Yu. Galaktionov, A. Gorodkov et al. |
|
| 210 |
_aМосква _cИн-т теорет. и эксперим. физики _d1983 |
||
| 215 |
_a34 с. _cил. _d20 см |
||
| 225 | 1 |
_aInstitute of theoretical and experimental physics _vITEP-150 |
|
| 300 | _aВ вып. дан.: Калориметр с детекторами, работающими в стримерном режиме / А. Арефьев и др. | ||
| 320 | _aБиблиогр.: с. 34 | ||
| 606 |
_aКалориметры адронные, стримерные _2nlr_sh1 |
||
| 686 |
_aВ381.585 _2rubbk |
||
| 701 | 1 |
_9z03790 _aAref'ev _bA. V. _4070 |
|
| 701 | 1 |
_9z04790 _aGalaktionov _bJu. _4070 |
|
| 701 | 1 |
_aGorodkov _bA. _4070 |
|
| 790 | 1 |
_9z03701 _aArefiev _bA. _4070 |
|
| 790 | 1 |
_9z04701 _aGalaktionov _bYu. _4070 |
|
| 801 | 1 |
_aRU _bNLR _c20101123 |
|
| 801 | 0 |
_aRU _bNLR _gPSBO |
|
| 852 |
_aNLR _jФз01 Д-4/2336 |
||
| 942 | _cBOOK | ||
| 980 | _aNB | ||